| 000 | 00953nam a22002531i 4500 | ||
|---|---|---|---|
| 001 | 000030292 | ||
| 003 | RuMoIPM | ||
| 005 | 20260413123715.0 | ||
| 008 | 041129s1984----ru | c rus | ||
| 040 |
_aRuMoIPM _brus _ercr |
||
| 041 | 0 |
_arus _heng |
|
| 044 | _aru | ||
| 080 | _a51(0.062) | ||
| 100 | 1 | _aКлайн, Морис | |
| 245 | 1 |
_aМатематика. Утрата определенности _cМ. Клайн ; Пер. с англ. Ю. А. Данилова ; Под ред. И. М. Яглома |
|
| 260 |
_aМосква _bМир _c1984 |
||
| 300 |
_a445, [3] с. _bил. |
||
| 500 | _aПер. изд.: Mathematics. The Loss of Gertainty / Morris Kline (New York, 1980) | ||
| 504 | _aБиблиогр.: с. 424-433 | ||
| 504 | _aУказ. имен., предм.: с. 433-444 | ||
| 700 | 1 |
_aДанилов, Юлий Александрович _eпер. |
|
| 700 | 1 |
_aЯглом, Исаак Моисеевич _eред. |
|
| 942 | _cBK | ||
| 999 |
_c30292 _d30292 |
||